000
00289nam a22001337a 4500
008
171013b xxu||||| |||| 00| 0 eng d
020
_a
9780534555788
041
_a
eng
080
_2
7 ED
_a
316
100
_a
51
101
_a
SOC
245
_a
SOCIOLOGY
_c
SHEPARD.J.M
942
_2
udc
_c
BK
999
_c
33800
_d
33800